Normal view
MARC view
Entry Personal Name
001 - CONTROL NUMBER
- control field: 43808
003 - CONTROL NUMBER IDENTIFIER
- control field: dpl
005 - DATE AND TIME OF LATEST TRANSACTION
- control field: 20120315130453.0
008 - FIXED-LENGTH DATA ELEMENTS
- fixed length control field: 120315|||a|||||| | ||| d
040 ## - CATALOGING SOURCE
- Original cataloging agency: dpl
- Transcribing agency: dpl
100 ## - HEADING--PERSONAL NAME
- Personal name: दीक्षित, प्रवीण
670 ## - SOURCE DATA FOUND
- Source citation: Work cat.: (dpl)64060: दीक्षित, प्रवीण, जन माध्यम और पत्रकारिता /, 1983
670 ## - SOURCE DATA FOUND
- Source citation: Work cat.: (dpl)64060: दीक्षित, प्रवीण, जन माध्यम और पत्रकारिता /, 1983
